Normal view
MARC view
Entry Personal Name
001 - CONTROL NUMBER
- control field: 29122
003 - CONTROL NUMBER IDENTIFIER
- control field: OSt
005 - DATE AND TIME OF LATEST TRANSACTION
- control field: 20260615100530.0
008 - FIXED-LENGTH DATA ELEMENTS
- fixed length control field: 260615|| aca||aabn | a|a d
040 ## - CATALOGING SOURCE
- Original cataloging agency: OSt
- Transcribing agency: OSt
100 ## - HEADING--PERSONAL NAME
- Personal name: Angeleque Akin-little(Editor)
670 ## - SOURCE DATA FOUND
- Source citation: Work cat.: (OSt)24248: Angeleque Akin-little(Editor), Behavioral Interventions in school: Evidence -Based positive strategies
